| 000 | 00560nam a2200181 i 4500 | ||
|---|---|---|---|
| 001 | 140882 | ||
| 003 | ES-MaACL | ||
| 005 | 20230906200155.0 | ||
| 007 | t| | ||
| 008 | 070918s1944 ag ||||1| spa d | ||
| 100 | 1 |
_aWilder, Thornton. _9116830 |
|
| 245 | 1 | 3 |
_aEl puente de San Luis rey / _cpor Thornton N. Wilder ; traducción y prólogo por Ricardo Baeza. |
| 260 |
_aBuenos Aires : _bEmecé, _c1944. |
||
| 300 |
_a188 p. ; _c20 cm. |
||
| 700 | 1 |
_aBaeza, Ricardo, _d1890-1956 _924620 |
|
| 852 |
_aES-MaACL _jE-884 _bR.27213 |
||
| 999 |
_c140882 _d140882 |
||